000 00537nam a22001937a 4500
003 BUBTL
008 200916b xxu||||| |||| 00| 0 eng d
020 _a0340872667
082 _a657/ H2451c/ 2003
100 _aHarrison, Ian
_93511
245 _aComplete A-Z Accounting Handbook :
_bIan Harrison
250 _a2nd
260 _aLondon
_bHodder & Stoughton
_cc2003
300 _a[viii], 273p . :
_bill. ; 23cm.
650 _aAccounting
_93512
856 _k0
_l0
_yDownload
942 _2ddc
_cBK
999 _c6375
_d6375